000 04783nam a2200289 i 4500
005 20250329165509.0
007 ta
008 180125s2022 000 0 eng d
040 _aCO-CtgCURN
_bspa
_ccoctgcurn
_erda
082 0 _aTSI 2022
_bS211
100 1 _aSánchez Ortega, Abel Antonio,
_eauthor.
_4aut
245 1 0 _aSistema Domótico para control y confort de una vivienda mediante el asistente Alexa /
_cAbel Antonio Sánchez Ortega; Ryan Nicholay Forbes Santiago; tutor: Francisco Manuel Fernández Piña.
260 _aCartagena de Indias :
_bCorporación Universitaria Rafael Núñez,
_c2022.
260 1 _aCartagena de Indias : :
_bCorporación Universitaria Rafael Nuñez,,
_c2022.
300 _a59 páginas :
_bil., tabs.
336 _atext
_btxt
_2rdacontent
337 _aunmediated
_bn
_2rdamedia
338 _avolume
_bnc
_2rdacarrier
502 _aTrabajo de Grado. (Tecnologo en Sistemas de Informacion y Software). Corporación Universitaria Rafael Nuñez . Facultad de Ingeniería de Sistemas . Programa de Tecnología en Sistemas de Informacion y Software, 2022.
520 _a"Sin duda, la domótica es una tecnología que joven y aun con mucho camino que recorrer y con mucho por explorar, sin embargo, en estos últimos años de desarrollo, esta tecnología ha dado pasos importantes en el desarrollo tecnológico actual, brindando no solo confort en los habitantes de las viviendas que usan esta tecnología, sino, también importantes beneficios como la seguridad, ahorro energético, conformidad, y seguridad para los habitantes de la vivienda, con la domótica podemos lograr el máximo nivel de confort automatizando y controlando remotamente las tareas que realizamos en el día a día de nuestra vivienda permitiendo controlar incluso con nuestra voz aparatos electrónicos como, luces, bombillas, calefacciones, aires acondicionados, televisores, computadoras, cámaras, robots de limpieza, cerraduras electrónicas y cualquier otro dispositivo que nos ayude a satisfacer esa necesidad de confort que tenemos las personas, con este proyecto logramos eso, conectamos todos los aparatos electrónicos disponibles en la vivienda para lograr satisfacer las necesidades de conformidad del usuario, todo esto por medio de nuestro asistente virtual Amazon Alexa, para esto primero realizamos el debido rastreo de información requerido para el desarrollo de este proyecto, realizamos encuestas virtuales a los habitantes de los diferentes estratos socioeconómicos de la ciudad de Cartagena de Indias para medir el nivel de interés de los ciudadanos por esta tecnología para posibles implementaciónes en diferentes viviendas, adquirimos todos los recursos y dispositivos requeridos para el desarrollo del proyecto y conseguimos una vivienda donde podramos a prueba el desarrollo del proyecto. Desarrollamos el proyecto en una vivienda de estrato medio en la cual se cumpla con el debido estructurado de red para el desarrollo del producto además de contar una variedad suficiente de dispositivos compatibles con esta tecnología y consultamos en las necesidades del usuario, con todo esto en cuenta iniciamos el desarrollo del proyecto, logramos conectar satisfactoriamente los diferentes dispositivos electrónicos que estaban en la vivienda, como celulares, computadoras, televisores, decodificadores, bombillos, luces LED y aire acondicionado y logramos el control domótico de todos estos dispositivos para el manejo remoto por medio de nuestro celular o por medio de nuestra voz gracias a nuestro asistente Alexa, además, en el caso de la computadora, fuimos capaces de incluso asignar tareas específicas por medio de nuestra voz y de manera completamente remota, sin embargo, uno de los principales obstáculos que nos podemos encontrar durante la implementación de esta tecnología es que esta parte del mundo aun muchas personas se les dificulta el acceso a dispositivos lo suficientemente tecnológicos o compatibles con los asistentes virtuales actuales los cuales son muy importantes para el correcto uso de la domótica, se espera que en los próximos años esta tecnología siga expandiéndose y avanzando como lo ha hecho en los últimos años brindando y satisfaciendo la necesidad de confort y el desarrollo tecnológico de la sociedad actual."
650 0 _aSistemas de Informacion y Software
_vTesis y Disertaciones Academicas.
700 1 _aForbes Santiago, Ryan Nicholay.
700 1 _aFernández Piña, Francisco Manuel,
_cdirector.
856 7 _uhttps://unicurn.sharepoint.com/:b:/s/biblioteca/EcXpHjisM_hNvFdGtKk4wzwBvp5Kc_nl8T-wypp_a-vIPQ?e=5Dm19L
_zClick aqui para ver el recurso en texto completo
942 _2ddc
_aMHC
_bMHC
_cTG
_hTSI 2022
_iS211
999 _c5969
_d5969